LEADER 00934nam2-22003011i-450- 001 990000185980403321 035 $a000018598 035 $aFED01000018598 035 $a(Aleph)000018598FED01 035 $a000018598 100 $a20011111d--------km-y0itay50------ba 101 0 $aita 105 $ay-------001yy 200 1 $a4. Band : Zahnbahnen, Stadtbahnen,Lokomotiven und Triebwagen [...] /herausgegeben von Barkhausen... [e altri] :Abschnitt E. IX, 634-868 p., 6 c. di tav.ill. 210 $aWiesbaden$cC. W. Kreidel's$d1914- 215 $av.$d27 cm 461 0$1001000016002$12001$a<> Eisenbahn Technik der Gegenwart 610 0 $aCostruzioni ferroviarie 676 $a625.1 702 1$aAbt,$bRoman 702 1$aBarkhausen,$bGeorg 801 0$aIT$bUNINA$gRICA$2UNIMARC 901 $aBK 912 $a990000185980403321 952 $a13 N 52 31$b4378/4$fFINBC 959 $aFINBC 997 $aUNINA DB $aING01 LEADER 01737oam 2200481I 450 001 9910707079103321 005 20180511141454.0 035 $a(CKB)5470000002460694 035 $a(OCoLC)1035420076 035 $a(OCoLC)995470000002460694 035 $a(EXLCZ)995470000002460694 100 $a20180511j198306 ua 0 101 0 $aeng 135 $aur||||||||||| 181 $ctxt$2rdacontent 182 $cc$2rdamedia 183 $acr$2rdacarrier 200 10$aCommercialization of opportunities for materials processing in low gravity $efinal report /$fWayne S. Brown, S. Reed Nixon 210 1$aGeorge C. Marshall Space Flight Center, Alabama :$cNational Aeronautics and Space Administration, George C. Marshall Space Flight Center,$dJune 1983. 215 $a1 online resource (i, 32 pages) $cmap 225 1 $aNASA/CR ;$v170953 300 $a"June 13, 1983." 517 $aCommercialization of opportunities for materials processing in low gravity 606 $aManagement planning$2nasat 606 $aLow gravity manufacturing$2nasat 606 $aProduct development$2nasat 606 $aSpace manufacturing$2nasat 606 $aSpace commercialization$2nasat 615 7$aManagement planning. 615 7$aLow gravity manufacturing. 615 7$aProduct development. 615 7$aSpace manufacturing. 615 7$aSpace commercialization. 700 $aBrown$b Wayne S.$01418311 702 $aNixon$b S. Reed 712 02$aGeorge C. Marshall Space Flight Center, 801 0$bGPO 801 1$bGPO 801 2$bGPO 906 $aBOOK 912 $a9910707079103321 996 $aCommercialization of opportunities for materials processing in low gravity$93529355 997 $aUNINA